| 000 | 00676nam a2200181Ia 4500 | ||
|---|---|---|---|
| 003 | Ost | ||
| 005 | 20260507075107.0 | ||
| 008 | 260507s9999||||xx |||||||||||||| ||und|| | ||
| 040 | _cfsecg | ||
| 041 | _aara | ||
| 082 | _a330 | ||
| 100 |
_aقلاب، دبيج الياس _eمؤلف |
||
| 245 | 0 |
_aتحليل لإستغلال والتحليل المالي : _bتمارين ومسائل محلولة في تحليل لإستغلال وتحليل الميزانية / _c دبيج الياس قلاب |
|
| 260 |
_aالجزائر: _bدار الهدى, _c2002 |
||
| 300 |
_a416 صفحة؛ _bإيضاحات ؛ _c24 سم |
||
| 653 | _aالتحليل المالي | ||
| 942 | _cكتاب | ||
| 999 |
_c42827 _d42827 |
||